[Event "4NCL Division 4 South"]
[Site "Reading, ENG"]
[Date "2017.01.14"]
[Round "3.115"]
[White "Bentham, Sam"]
[Black "Davies, Matthew"]
[Result "0-1"]
[WhiteElo "1682"]
[BlackElo "1941"]
[PlyCount "76"]
[EventDate "2017.01.14"]
[WhiteTeam "Oxford 3"]
[BlackTeam "West is Best 2"]

1. c4 c5 2. g3 g6 3. Bg2 Bg7 4. Nc3 Nc6 5. d3 e6 6. e4 Nge7 7. Nge2 O-O 8. Be3
Nd4 9. Rb1 Nec6 10. O-O b6 11. Nb5 a6 12. Nbxd4 cxd4 13. Bd2 e5 14. f4 d6 15.
f5 f6 16. g4 g5 17. Qc1 Bd7 18. Ng3 Be8 19. Bf3 Rf7 20. Nh5 Rb7 21. Nxg7 Rxg7
22. h4 h6 23. Kg2 Raa7 24. b4 b5 25. c5 dxc5 26. Qxc5 Rgc7 27. Rbc1 Ne7 28. Qb6
Nc8 29. Rxc7 Nxb6 30. Rxa7 Qb8 31. Rxa6 Qb7 32. Ra5 Bc6 33. Re1 Kf8 34. Bd1 Ke7
35. Rg1 Bxe4+ 36. Kf2 Bxd3 37. Rg3 e4 38. Bc1 Nc4 0-1

[Event "4NCL Division 4 South"]
[Site "Reading, ENG"]
[Date "2017.01.14"]
[Round "3.116"]
[White "Gregory, Andrew M"]
[Black "Langham, Rod E"]
[Result "1-0"]
[WhiteElo "1924"]
[BlackElo "1723"]
[PlyCount "69"]
[EventDate "2017.01.14"]
[WhiteTeam "West is Best 2"]
[BlackTeam "Oxford 3"]

1. d4 d5 2. Nf3 e6 3. Bf4 Bd6 4. Bg3 Nf6 5. Nbd2 c6 6. e3 Qc7 7. Ne5 Nbd7 8. f4
Nf8 9. Bd3 Qe7 10. c4 Bb4 11. O-O Bxd2 12. Qxd2 Ne4 13. Bxe4 dxe4 14. d5 f6 15.
d6 Qd8 16. Ng4 h5 17. Nf2 f5 18. Nh3 Nh7 19. Rfd1 Bd7 20. Qf2 Qb6 21. Bh4 Kf7
22. Be7 Rag8 23. Qe2 g6 24. b4 Qa6 25. a4 b6 26. b5 cxb5 27. cxb5 Qb7 28. Qb2
Ke8 29. Rac1 Qa8 30. Rc7 a6 31. Qc3 axb5 32. axb5 Qa4 33. Ra1 Qxb5 34. Ra8+ Kf7
35. Ng5+ 1-0

[Event "4NCL Division 4 South"]
[Site "Reading, ENG"]
[Date "2017.01.14"]
[Round "3.121"]
[White "Brown, Alan M"]
[Black "Balouka-Myers, Toby"]
[Result "1-0"]
[WhiteElo "1969"]
[BlackElo "1517"]
[PlyCount "57"]
[EventDate "2017.01.14"]
[WhiteTeam "MK Phoenix 2"]
[BlackTeam "Barnet Knights 3"]

1. d4 Nf6 2. c4 e6 3. Nc3 Bb4 4. Qc2 O-O 5. e4 Nc6 6. Nf3 d6 7. a3 Bxc3+ 8.
bxc3 d5 9. e5 Ne4 10. Bd3 f5 11. exf6 Nxf6 12. O-O Na5 13. Ne5 Qd6 14. c5 Qe7
15. Bg5 h6 16. Bh7+ Kh8 17. Ng6+ Kxh7 18. Nxe7+ Kh8 19. Ng6+ Kg8 20. Nxf8 Kxf8
21. Bxf6 gxf6 22. Qh7 Nc6 23. f4 f5 24. Rf3 Ne7 25. Rg3 Ke8 26. Rg7 Kd8 27.
Rxe7 c6 28. Rc7 Bd7 29. Qxd7# 1-0

[Event "4NCL Division 4 South"]
[Site "Reading, ENG"]
[Date "2017.01.14"]
[Round "3.122"]
[White "Balouka-Myers, Raphael"]
[Black "Valentine, Brian J"]
[Result "0-1"]
[WhiteElo "1465"]
[BlackElo "1951"]
[PlyCount "126"]
[EventDate "2017.01.14"]
[WhiteTeam "Barnet Knights 3"]
[BlackTeam "MK Phoenix 2"]

1. c4 c5 2. g3 g6 3. Bg2 Bg7 4. Nc3 Nc6 5. e3 e5 6. Nf3 Nge7 7. O-O O-O 8. Ne2
d6 9. d4 Bg4 10. d5 Na5 11. Nd2 Rb8 12. a4 Qd7 13. Re1 Bh3 14. Qc2 Bxg2 15.
Kxg2 f5 16. Nb3 Nxb3 17. Qxb3 g5 18. f4 gxf4 19. exf4 e4 20. Be3 Kh8 21. Bd2
Ng8 22. Rab1 Nf6 23. h3 Rg8 24. Rh1 Qe7 25. Be3 Qf7 26. Rhg1 Qh5 27. Rbe1 Qf3+
28. Kh2 Qh5 29. Kg2 Qg6 30. Bf2 Nh5 31. Kh2 Nf6 32. Kg2 Nd7 33. Kh2 Qf6 34. Be3
Qxb2 35. Qxb2 Bxb2 36. Rb1 Bg7 37. Rgc1 h6 38. Nc3 Bd4 39. Bd2 Rg6 40. Be1 Kg8
41. Ne2 Kf7 42. Nxd4 cxd4 43. Rd1 d3 44. Bc3 Nc5 45. Re1 Re8 46. Rb2 Re7 47. a5
Na4 48. Rb3 Nxc3 49. Rxc3 d2 50. Rd1 e3 51. Rxe3 Rxe3 52. Rxd2 Rgxg3 53. Rg2
Rxh3+ 54. Kg1 Rhg3 55. Rxg3 Rxg3+ 56. Kf2 Rg4 57. Ke3 h5 58. Kd4 Rxf4+ 59. Kc3
h4 60. Kb4 h3 61. Kb5 h2 62. c5 h1=Q 63. cxd6 Qxd5# 0-1

[Event "4NCL Division 4 South"]
[Site "Reading, ENG"]
[Date "2017.01.14"]
[Round "3.123"]
[White "Williamson, Kevin J"]
[Black "Virin, Daniel"]
[Result "1-0"]
[WhiteElo "1935"]
[BlackElo "1465"]
[PlyCount "49"]
[EventDate "2017.01.14"]
[WhiteTeam "MK Phoenix 2"]
[BlackTeam "Barnet Knights 3"]

1. d4 d5 2. Nf3 Nc6 3. c4 Nf6 4. cxd5 Nxd5 5. e4 Nf6 6. Nc3 e6 7. Bb5 Bd7 8.
O-O a6 9. Bxc6 Bxc6 10. Re1 Bb4 11. d5 Bd7 12. dxe6 Bxe6 13. Qa4+ Bd7 14. Qxb4
b6 15. Bg5 c5 16. Qb3 O-O 17. Nd5 Be6 18. Rad1 Bxd5 19. Rxd5 Qe7 20. e5 Rad8
21. exf6 gxf6 22. Rxe7 fxg5 23. Rxd8 Rxd8 24. Qxf7+ Kh8 25. Qg7# 1-0

[Event "4NCL Division 4 South"]
[Site "Reading, ENG"]
[Date "2017.01.14"]
[Round "3.124"]
[White "Rampley, Oscar"]
[Black "Matthews, Adrian M S"]
[Result "0-1"]
[WhiteElo "1292"]
[BlackElo "1861"]
[PlyCount "54"]
[EventDate "2017.01.14"]
[WhiteTeam "Barnet Knights 3"]
[BlackTeam "MK Phoenix 2"]

1. e4 c5 2. d4 cxd4 3. c3 d3 4. Nf3 g6 5. Bxd3 Bg7 6. Bf4 Nf6 7. O-O O-O 8. Qb3
Nc6 9. Nbd2 d6 10. Bc4 Na5 11. Qa3 Nxc4 12. Nxc4 Nxe4 13. Rfe1 Nc5 14. Be3 Be6
15. Bxc5 dxc5 16. Qxc5 Rc8 17. Qxa7 Rxc4 18. Qxb7 Qc7 19. Qb5 Rb8 20. Qg5 Rxb2
21. Nd4 Bxd4 22. cxd4 Rxd4 23. Rac1 Rc4 24. Rxc4 Qxc4 25. Qxe7 Qd4 26. Rxe6
Qxf2+ 27. Kh1 Qxg2# 0-1

[Event "4NCL Division 4 South"]
[Site "Reading, ENG"]
[Date "2017.01.14"]
[Round "3.125"]
[White "Whiteside, Robert"]
[Black "Virin, Asaf"]
[Result "1-0"]
[WhiteElo "1821"]
[BlackElo "1345"]
[PlyCount "127"]
[EventDate "2017.01.14"]
[WhiteTeam "MK Phoenix 2"]
[BlackTeam "Barnet Knights 3"]

1. e4 e5 2. Bc4 Nc6 3. Nf3 Nf6 4. d4 Nxd4 5. Bxf7+ Kxf7 6. Nxe5+ Ke8 7. Qxd4 d5
8. exd5 Nxd5 9. O-O c5 10. Qa4+ Bd7 11. Nxd7 Qxd7 12. Re1+ Be7 13. Qxd7+ Kxd7
14. Rd1 Kc6 15. c4 Nb4 16. Nc3 Nc2 17. Rb1 Rhe8 18. Bf4 Nd4 19. Be5 Bf6 20.
Bxf6 gxf6 21. Re1 Nc2 22. Rxe8 Rxe8 23. Kf1 a6 24. a3 Nd4 25. Re1 Rxe1+ 26.
Kxe1 Nf5 27. Nd5 Nh4 28. Nxf6 Nxg2+ 29. Ke2 h6 30. Nd5 b5 31. b3 a5 32. a4 b4
33. f4 Nh4 34. Ke3 Nf5+ 35. Ke4 Nd4 36. f5 Nxb3 37. f6 Nd4 38. Ke5 Kd7 39. h4
b3 40. Nc3 Ke8 41. Kd5 b2 42. Kxc5 Ne2 43. Nb1 Kf7 44. Kd6 Nd4 45. c5 Kxf6 46.
c6 Ne6 47. c7 Nxc7 48. Kxc7 Ke5 49. Kb6 Kd4 50. Kxa5 Kd3 51. Kb4 Kc2 52. Na3+
Kc1 53. a5 b1=Q+ 54. Nxb1 Kxb1 55. a6 Kc2 56. a7 Kd3 57. a8=Q Ke3 58. Qd5 Kf4
59. Kc4 Kg4 60. h5 Kh4 61. Kd4 Kg4 62. Ke3 Kg3 63. Qf5 Kh2 64. Kf2 1-0

[Event "4NCL Division 4 South"]
[Site "Reading, ENG"]
[Date "2017.01.14"]
[Round "3.126"]
[White "Carter, Gavin"]
[Black "Miller, Max C"]
[Result "0-1"]
[WhiteElo "1075"]
[BlackElo "1465"]
[PlyCount "62"]
[EventDate "2017.01.14"]
[WhiteTeam "Barnet Knights 3"]
[BlackTeam "MK Phoenix 2"]

1. e4 c5 2. c3 Nf6 3. e5 Nd5 4. Bc4 Nb6 5. Bb3 Nc6 6. d4 cxd4 7. cxd4 e6 8. a3
d6 9. exd6 Bxd6 10. Nf3 O-O 11. O-O Nd7 12. Nc3 a6 13. d5 exd5 14. Bxd5 Nde5
15. Ne4 Nxf3+ 16. Qxf3 Nd4 17. Qd3 Bxh2+ 18. Kxh2 Qxd5 19. Ng5 Bf5 20. Qg3 Nc2
21. Be3 Nxa1 22. Rxa1 Bg6 23. f4 Qd6 24. b4 Rac8 25. Bc5 Rxc5 26. bxc5 Qxc5 27.
Re1 h6 28. Nh3 Rd8 29. Nf2 Qh5+ 30. Kg1 Qa5 31. Re5 Qb6 0-1

[Event "4NCL Division 4 South"]
[Site "Reading, ENG"]
[Date "2017.01.15"]
[Round "4.11"]
[White "Graff, Ben"]
[Black "Rawlinson, Aidan M"]
[Result "1-0"]
[WhiteElo "1922"]
[BlackElo "2213"]
[PlyCount "71"]
[EventDate "2017.01.15"]
[WhiteTeam "Throw in the Tal 2"]
[BlackTeam "Oxford 2"]

1. e4 g6 2. d4 Bg7 3. Nf3 d6 4. Nc3 a6 5. a4 b6 6. Be3 e6 7. Qd2 h6 8. Bd3 Nd7
9. O-O Ne7 10. d5 e5 11. b4 f5 12. Qe1 f4 13. Bc1 g5 14. Bb2 Ng6 15. Nd2 g4 16.
f3 h5 17. Ne2 Nf6 18. g3 Bh6 19. gxf4 Bxf4 20. Nxf4 Nxf4 21. Qh4 Rg8 22. Kh1
gxf3 23. Rxf3 Rg4 24. Qe1 Qe7 25. Rg3 Qg7 26. Bf1 Bd7 27. Raa3 a5 28. b5 O-O-O
29. Be2 Rxg3 30. Rxg3 Qh7 31. Bf3 Rf8 32. Bc1 h4 33. Rg5 Nh3 34. Rg2 Bg4 35.
Rxg4 Nxe4 36. Bxe4 1-0

[Event "4NCL Division 4 South"]
[Site "Reading, ENG"]
[Date "2017.01.15"]
[Round "4.12"]
[White "Manley, Jon P"]
[Black "Ward, Andrew"]
[Result "1-0"]
[WhiteElo "2156"]
[BlackElo "1840"]
[PlyCount "119"]
[EventDate "2017.01.15"]
[WhiteTeam "Oxford 2"]
[BlackTeam "Throw in the Tal 2"]

1. e4 e6 2. d4 d5 3. Nc3 Bb4 4. e5 c5 5. a3 Bxc3+ 6. bxc3 Ne7 7. Qg4 Qc7 8.
Qxg7 Rg8 9. Qxh7 cxd4 10. Ne2 Nbc6 11. f4 dxc3 12. Qd3 d4 13. Ng3 Bd7 14. Ne4
O-O-O 15. h4 Nf5 16. h5 Rg4 17. Be2 Rxg2 18. h6 Rh8 19. h7 Rg7 20. Ng5 Nce7 21.
Bh5 Qc6 22. Bf3 Qb5 23. Qxb5 Bxb5 24. Bh5 Ng3 25. Rh3 Nxh5 26. Rxh5 Ba4 27. Rh2
Nd5 28. Rb1 Kc7 29. Ra1 Kc6 30. Ra2 Bxc2 31. Raxc2 d3 32. Rxc3+ Nxc3 33. Kd2
Ne4+ 34. Nxe4 Rgxh7 35. Rxh7 Rxh7 36. Kxd3 Rh1 37. Bd2 Rh3+ 38. Be3 Rh1 39. Bd2
Rh3+ 40. Be3 Rh1 41. Bxa7 Rh3+ 42. Be3 Rh1 43. Nc3 Ra1 44. a4 Rh1 45. a5 Ra1
46. Bb6 Rf1 47. Ke3 Rc1 48. Ne4 Re1+ 49. Kf3 Rf1+ 50. Kg4 Rh1 51. Ng5 Rf1 52.
Nxf7 Kd5 53. Nd8 Rh1 54. Nxb7 Rh7 55. Nd8 Rg7+ 56. Kf3 Rh7 57. a6 Rh3+ 58. Kg4
Ra3 59. a7 Ra6 60. Kg5 1-0

[Event "4NCL Division 4 South"]
[Site "Reading, ENG"]
[Date "2017.01.15"]
[Round "4.13"]
[White "Hendy, Jerry"]
[Black "Healey, Michael W"]
[Result "0-1"]
[WhiteElo "1870"]
[BlackElo "2189"]
[PlyCount "122"]
[EventDate "2017.01.15"]
[WhiteTeam "Throw in the Tal 2"]
[BlackTeam "Oxford 2"]

1. e4 e5 2. f4 Bc5 3. Nf3 d6 4. c3 Qe7 5. fxe5 dxe5 6. b4 Bb6 7. Bb5+ Bd7 8.
Bxd7+ Nxd7 9. a4 a6 10. Qe2 Ngf6 11. Ba3 O-O 12. c4 Rfe8 13. c5 Ba7 14. O-O Nf8
15. Nc3 c6 16. Rad1 Rad8 17. Rfe1 Ne6 18. d3 Nxc5 19. bxc5 Bxc5+ 20. Bxc5 Qxc5+
21. Kh1 Qxc3 22. Rb1 b5 23. Rec1 Qxd3 24. Qxd3 Rxd3 25. Rxc6 bxa4 26. Rxa6 a3
27. Ra1 h6 28. Kg1 Nxe4 29. R6xa3 Rxa3 30. Rxa3 f6 31. Kf1 Rb8 32. Re3 Nd6 33.
Nxe5 fxe5 34. Rxe5 Kf7 35. Ke2 Kf6 36. Rd5 Ke6 37. Ra5 Rb5 38. Ra7 Rb7 39. Ra5
Rf7 40. h3 Rf6 41. Ra7 Nf7 42. Ra8 Nd6 43. Ra7 g5 44. Ra8 Kf7 45. Ra5 Kg6 46.
g3 h5 47. Ra8 Ne4 48. Ra3 Nf2 49. h4 gxh4 50. gxh4 Ng4 51. Rf3 Rxf3 52. Kxf3
Kf5 53. Kg3 Ne5 54. Kh3 Kf4 55. Kg2 Kg4 56. Kh2 Kxh4 57. Kg2 Ng4 58. Kh1 Kg3
59. Kg1 Nf2 60. Kf1 h4 61. Kg1 h3 0-1

[Event "4NCL Division 4 South"]
[Site "Reading, ENG"]
[Date "2017.01.15"]
[Round "4.14"]
[White "De Vogelaere, Robin"]
[Black "Woolgar, Steven G"]
[Result "1-0"]
[WhiteElo "1958"]
[BlackElo "1757"]
[PlyCount "61"]
[EventDate "2017.01.15"]
[WhiteTeam "Oxford 2"]
[BlackTeam "Throw in the Tal 2"]

1. c4 c5 2. g3 Nc6 3. Bg2 g6 4. Nc3 Bg7 5. a3 Nf6 6. e4 d6 7. Nge2 O-O 8. O-O
Bd7 9. h3 Rb8 10. Rb1 a6 11. b4 cxb4 12. axb4 b5 13. cxb5 axb5 14. d4 Qc8 15.
Kh2 Qc7 16. Be3 Rfc8 17. Qd3 Na7 18. Rfc1 Qc4 19. Qd2 Qc7 20. Nxb5 Qb6 21. Nxa7
Qxa7 22. Rxc8+ Rxc8 23. b5 Rb8 24. d5 Qb7 25. b6 Ne8 26. Nd4 Rc8 27. Nb3 Bc3
28. Qd3 f5 29. Rc1 Bb4 30. Rxc8 Bxc8 31. Qb5 1-0

[Event "4NCL Division 4 South"]
[Site "Reading, ENG"]
[Date "2017.01.15"]
[Round "4.15"]
[White "Zarev, Dragomir"]
[Black "Burrows, Nick"]
[Result "0-1"]
[WhiteElo "1720"]
[BlackElo "1871"]
[PlyCount "64"]
[EventDate "2017.01.15"]
[WhiteTeam "Throw in the Tal 2"]
[BlackTeam "Oxford 2"]

1. d4 f5 2. c4 e6 3. Nc3 Bb4 4. Nf3 Nf6 5. Bg5 b6 6. e3 Bb7 7. a3 Bxc3+ 8. bxc3
O-O 9. Be2 d6 10. Qb3 Nc6 11. O-O Qe8 12. Bxf6 Rxf6 13. c5 Kh8 14. cxd6 cxd6
15. Nd2 Na5 16. Qd1 Rc8 17. Rc1 Rf7 18. Rc2 Rfc7 19. Qa1 Qg6 20. f3 Bd5 21. c4
Bxc4 22. Bxc4 Nxc4 23. Rxc4 Rxc4 24. Nxc4 Rxc4 25. Rc1 d5 26. Rxc4 dxc4 27. Qa2
b5 28. a4 Qe8 29. axb5 Qxb5 30. Qxa7 h6 31. Qa1 Qb3 32. Qc1 c3 0-1

[Event "4NCL Division 4 South"]
[Site "Reading, ENG"]
[Date "2017.01.15"]
[Round "4.16"]
[White "Terry, Sean"]
[Black "Weaver, Simon"]
[Result "1-0"]
[WhiteElo "1915"]
[BlackElo "1540"]
[PlyCount "38"]
[EventDate "2017.01.15"]
[WhiteTeam "Oxford 2"]
[BlackTeam "Throw in the Tal 2"]

1. e4 e6 2. d4 d5 3. Nc3 dxe4 4. Nxe4 Nf6 5. Nxf6+ Qxf6 6. Nf3 h6 7. Bd3 Nc6 8.
O-O Bd6 9. Be3 O-O 10. c3 e5 11. dxe5 Nxe5 12. Nxe5 Bxe5 13. f4 Bd6 14. Bd4 Qh4
15. Qf3 c6 16. Bf2 Qxf4 17. Qxf4 Bxf4 18. Bc5 Bxh2+ 19. Kxh2 Bg4 1-0

[Event "4NCL Division 4 South"]
[Site "Reading, ENG"]
[Date "2017.01.15"]
[Round "4.21"]
[White "McCorry, Robert T"]
[Black "Lees, Fraser A"]
[Result "0-1"]
[WhiteElo "2013"]
[BlackElo "1851"]
[PlyCount "90"]
[EventDate "2017.01.15"]
[WhiteTeam "Poisoned Pawns 2"]
[BlackTeam "CSC Hippos (3)"]

1. d4 Nf6 2. c4 g6 3. Nc3 Bg7 4. e4 d6 5. f3 O-O 6. Be3 e5 7. d5 c6 8. Qd2 cxd5
9. cxd5 Nh5 10. Nge2 a6 11. g4 Nf4 12. Nxf4 exf4 13. Bxf4 b5 14. Be2 Qe7 15.
O-O Nd7 16. Bh6 Ne5 17. Bxg7 Qa7+ 18. Kh1 Kxg7 19. Rac1 Bd7 20. Nd1 Rac8 21.
Ne3 f6 22. Kg2 Rfe8 23. h3 Nf7 24. Nc2 Qb6 25. Qd4 Qc5 26. Qd2 Qb6 27. Nd4 Rc5
28. b4 Rcc8 29. Nb3 Rxc1 30. Rxc1 Rc8 31. Rxc8 Bxc8 32. Qc3 Bd7 33. h4 g5 34.
hxg5 Nxg5 35. Qd4 Qc7 36. Bd3 Nf7 37. Kg3 Ne5 38. Kf2 Bc8 39. Ke2 Qd7 40. Na5
h5 41. gxh5 Qh3 42. Qf2 Nxf3 43. Kd1 Ne5 44. Qg1+ Bg4+ 45. Be2 Qd3+ 0-1

[Event "4NCL Division 4 South"]
[Site "Reading, ENG"]
[Date "2017.01.15"]
[Round "4.22"]
[White "Fowler, David"]
[Black "McMahon, Paul"]
[Result "0-1"]
[WhiteElo "1886"]
[BlackElo "1984"]
[PlyCount "172"]
[EventDate "2017.01.15"]
[WhiteTeam "CSC Hippos (3)"]
[BlackTeam "Poisoned Pawns 2"]

1. e4 e5 2. Nf3 Nc6 3. Bb5 a6 4. Ba4 Nf6 5. O-O b5 6. Bb3 Be7 7. Re1 O-O 8. h3
d6 9. c3 Nb8 10. d4 Nbd7 11. Nbd2 Bb7 12. Bc2 Re8 13. Nf1 Bf8 14. Ng3 g6 15. b3
Bg7 16. Bb2 Nf8 17. d5 Rb8 18. a4 c6 19. axb5 cxb5 20. Ba3 Bh6 21. Bb4 Qd7 22.
Qb1 Rec8 23. Bd3 Qe7 24. Qa2 N8d7 25. Nh2 Nc5 26. Bc2 Qd7 27. Qa3 Ba8 28. Re2
Bb7 29. f3 Bf4 30. Ngf1 h5 31. g3 Bh6 32. g4 Bf4 33. Ne3 Kg7 34. Nhf1 hxg4 35.
hxg4 Rh8 36. Bxc5 dxc5 37. Ng2 b4 38. Qa4 Qxa4 39. Rxa4 Bc8 40. Nxf4 exf4 41.
cxb4 cxb4 42. Bd3 Nd7 43. Rc2 Ne5 44. Be2 g5 45. Kg2 Rh6 46. Rc7 Bd7 47. Ra5
Rhb6 48. Nd2 R8b7 49. Rxb7 Rxb7 50. Rc5 Bb5 51. Nc4 Nd7 52. Rc8 Ra7 53. Kf2 a5
54. Nd6 Bxe2 55. Nf5+ Kf6 56. Kxe2 a4 57. bxa4 Rxa4 58. Nd4 Ra2+ 59. Kd1 Ne5
60. Rb8 Ra3 61. Rb6+ Ke7 62. Rxb4 Nxf3 63. Rb7+ Kf6 64. Nf5 Nd4 65. Nxd4 Rd3+
66. Ke2 Rxd4 67. e5+ Kxe5 68. Rxf7 Re4+ 69. Kf3 Re3+ 70. Kf2 Kxd5 71. Rf8 Re5
72. Kf3 Ke6 73. Kf2 Ke7 74. Ra8 Rd5 75. Ra7+ Ke6 76. Rg7 Kf6 77. Ra7 Ke5 78.
Re7+ Kd4 79. Rg7 Kd3 80. Kf3 Kd2 81. Kf2 Kc3 82. Rc7+ Kd4 83. Kf3 Ke5 84. Kf2
Rd2+ 85. Kf1 Ke4 86. Rc3 Rd3 0-1

[Event "4NCL Division 4 South"]
[Site "Reading, ENG"]
[Date "2017.01.15"]
[Round "4.23"]
[White "Judkins, Brian D"]
[Black "Homolka, Vincent"]
[Result "1/2-1/2"]
[WhiteElo "1804"]
[BlackElo "1771"]
[PlyCount "43"]
[EventDate "2017.01.15"]
[WhiteTeam "Poisoned Pawns 2"]
[BlackTeam "CSC Hippos (3)"]

1. e4 d5 2. exd5 Qxd5 3. Nc3 Qa5 4. d4 Nf6 5. Nf3 c6 6. Bc4 Bf5 7. Bd2 e6 8.
Qe2 Bb4 9. O-O-O Nbd7 10. h3 O-O-O 11. Kb1 Qc7 12. a3 Bxc3 13. Bxc3 Nd5 14. Bd2
N7f6 15. Bd3 Bxd3 16. Qxd3 Nf4 17. Bxf4 Qxf4 18. g3 Qc7 19. Rhe1 c5 20. Qc3
cxd4 21. Qxc7+ Kxc7 22. Nxd4 1/2-1/2

[Event "4NCL Division 4 South"]
[Site "Reading, ENG"]
[Date "2017.01.15"]
[Round "4.24"]
[White "Sargent, John"]
[Black "Ribbands, Patrick C"]
[Result "1/2-1/2"]
[WhiteElo "1712"]
[BlackElo "1757"]
[PlyCount "35"]
[EventDate "2017.01.15"]
[WhiteTeam "CSC Hippos (3)"]
[BlackTeam "Poisoned Pawns 2"]

1. e4 c6 2. d4 d5 3. exd5 cxd5 4. Bd3 Nf6 5. c3 e6 6. Nf3 Be7 7. Bf4 O-O 8. O-O
b6 9. Nbd2 Ba6 10. Ne5 Bxd3 11. Nxd3 Nc6 12. Qe2 Rc8 13. Rae1 Na5 14. Ne5 Nd7
15. Ndf3 Nc4 16. h3 Ndxe5 17. Nxe5 Bd6 18. Nxc4 1/2-1/2

[Event "4NCL Division 4 South"]
[Site "Reading, ENG"]
[Date "2017.01.15"]
[Round "4.25"]
[White "Mountford, Corinne"]
[Black "Grey, Nicholas D"]
[Result "1/2-1/2"]
[WhiteElo "1701"]
[BlackElo "1745"]
[PlyCount "100"]
[EventDate "2017.01.15"]
[WhiteTeam "Poisoned Pawns 2"]
[BlackTeam "CSC Hippos (3)"]

1. d4 Nf6 2. Nf3 c5 3. c3 cxd4 4. cxd4 g6 5. Nc3 Bg7 6. Bf4 d6 7. e4 O-O 8. Qd2
a6 9. Be2 b5 10. a3 Bb7 11. Bd3 Nbd7 12. O-O Nb6 13. Bh6 Rc8 14. Bxg7 Kxg7 15.
Rac1 Nc4 16. Qe2 Nh5 17. Bxc4 Rxc4 18. Qe3 Qd7 19. Nd2 Rc7 20. f3 Rfc8 21. Rfe1
e5 22. Red1 Qe7 23. Ndb1 Nf4 24. Kh1 Ne6 25. dxe5 dxe5 26. Rd2 Nd4 27. Rcd1 b4
28. axb4 Qxb4 29. h3 f6 30. Kh2 Qe7 31. Qf2 Rd8 32. Qe3 Rcd7 33. Qf2 Nb3 34.
Rxd7 Rxd7 35. Rxd7 Qxd7 36. Qa7 Nd4 37. Nd5 Nb5 38. Qc5 Qd6 39. Qc4 Nd4 40.
Nbc3 f5 41. b4 fxe4 42. fxe4 Qd8 43. Qc7+ Qxc7 44. Nxc7 Kf7 45. N3d5 Ne6 46.
Nxe6 Kxe6 47. Nc3 Bc6 48. Kg3 h6 49. Kf3 Kd6 50. h4 Bd7 1/2-1/2

[Event "4NCL Division 4 South"]
[Site "Reading, ENG"]
[Date "2017.01.15"]
[Round "4.26"]
[White "Cresswell, Mike J"]
[Black "Sahinoz, Giulio O"]
[Result "1/2-1/2"]
[WhiteElo "1733"]
[BlackElo "1600"]
[PlyCount "39"]
[EventDate "2017.01.15"]
[WhiteTeam "CSC Hippos (3)"]
[BlackTeam "Poisoned Pawns 2"]

1. e4 c5 2. Nf3 d6 3. d4 cxd4 4. Nxd4 Nf6 5. Nc3 a6 6. Be2 e5 7. Nf3 Be7 8. O-O
Be6 9. h3 O-O 10. Nh2 d5 11. exd5 Nxd5 12. Nxd5 Qxd5 13. Qxd5 Bxd5 14. Be3 Nc6
15. Rfd1 Rfd8 16. Bb6 Rd6 17. c4 Be6 18. Rxd6 Bxd6 19. Rd1 Be7 20. Nf3 1/2-1/2

[Event "4NCL Division 4 South"]
[Site "Reading, ENG"]
[Date "2017.01.15"]
[Round "4.31"]
[White "Kamath, Vikram"]
[Black "Finn, Thomas"]
[Result "0-1"]
[WhiteElo "1846"]
[BlackElo "1743"]
[PlyCount "114"]
[EventDate "2017.01.15"]
[WhiteTeam "D&D Utd"]
[BlackTeam "Sussex Martlets 3"]

1. e4 e5 2. Nf3 Nf6 3. Nc3 Nc6 4. Bc4 Nxe4 5. Bxf7+ Kxf7 6. Nxe4 d5 7. Neg5+
Kg8 8. d4 e4 9. Ne5 Nxe5 10. dxe5 h6 11. Nxe4 Be6 12. Ng3 Bc5 13. O-O h5 14.
Qd3 h4 15. Ne2 h3 16. g3 Qd7 17. Nf4 c6 18. Nxe6 Qxe6 19. Be3 Bxe3 20. Qxe3 Qf5
21. Rac1 d4 22. Qxd4 Qf3 23. Qc4+ Kf8 24. Qf4+ Qxf4 25. gxf4 Rh4 26. f5 Rf4 27.
Rcd1 Rxf5 28. f4 Ke7 29. Rd3 Raf8 30. Rg3 R8f7 31. Rff3 g5 32. Rb3 Ke6 33. Rxg5
Rxf4 34. Rxh3 Rf1+ 35. Kg2 R1f2+ 36. Kh1 Rf1+ 37. Rg1 R1f2 38. Re1 Rxc2 39.
Rh6+ Ke7 40. e6 Rg7 41. Rd1 Rg8 42. Re1 Rxb2 43. Rh7+ Ke8 44. e7 Rd2 45. a4 b6
46. h4 c5 47. a5 b5 48. Rh5 Rd4 49. Re2 b4 50. Kh2 c4 51. Kh3 Rd3+ 52. Kh2 Rd4
53. Re3 Kd7 54. Rh7 Re8 55. Kh3 c3 56. Re5 c2 57. Rb5 c1=Q 0-1

[Event "4NCL Division 4 South"]
[Site "Reading, ENG"]
[Date "2017.01.15"]
[Round "4.32"]
[White "Salmons, Calum"]
[Black "Sheikh, Nasarullah"]
[Result "1-0"]
[WhiteElo "1643"]
[BlackElo "1684"]
[PlyCount "83"]
[EventDate "2017.01.15"]
[WhiteTeam "Sussex Martlets 3"]
[BlackTeam "D&D Utd"]

1. e4 Nf6 2. Nc3 e5 3. Nf3 Nc6 4. g3 d5 5. Qe2 dxe4 6. Nxe4 Nxe4 7. Qxe4 f5 8.
Qe2 Bd6 9. d3 O-O 10. Bg2 Qf6 11. O-O h6 12. Bd2 Bd7 13. Bc3 Rae8 14. Rae1 Nd4
15. Qd2 c5 16. b4 b6 17. bxc5 Bxc5 18. Bb4 Nxf3+ 19. Bxf3 Qd6 20. a3 a5 21.
Bxc5 Qxc5 22. Qe3 Qxe3 23. Rxe3 Kf7 24. Rb1 b5 25. c4 bxc4 26. Rb7 Ke6 27. Rb6+
Ke7 28. Rxe5+ Kd8 29. Rb8+ Kc7 30. Rb7+ Kd8 31. Rd5 Re1+ 32. Kg2 Rf7 33. dxc4
g5 34. Rxa5 Ke7 35. Bc6 Kd6 36. Bxd7 Rxd7 37. Rd5+ Kc6 38. Rbxd7 f4 39. R7d6+
Kc7 40. Rxh6 fxg3 41. hxg3 g4 42. Rg5 1-0

[Event "4NCL Division 4 South"]
[Site "Reading, ENG"]
[Date "2017.01.15"]
[Round "4.33"]
[White "Jaufarally, Nadia"]
[Black "Woods, Timothy J"]
[Result "1-0"]
[WhiteElo "1664"]
[BlackElo "1672"]
[PlyCount "52"]
[EventDate "2017.01.15"]
[WhiteTeam "D&D Utd"]
[BlackTeam "Sussex Martlets 3"]

1. d4 d6 2. Nf3 g6 3. Bf4 Bg7 4. e3 Nf6 5. h3 O-O 6. Nbd2 Nbd7 7. Be2 Re8 8. c3
e5 9. dxe5 Nxe5 10. O-O Nfd7 11. Rc1 Qe7 12. b4 Nxf3+ 13. Nxf3 Ne5 14. a3 a6
15. Nd4 Bd7 16. Qb3 Nc6 17. Bf3 Nxd4 18. cxd4 c6 19. Rc3 d5 20. Rfc1 Qh4 21.
Bg3 Qf6 22. a4 Bxh3 23. b5 axb5 24. axb5 Be6 25. bxc6 bxc6 26. Rxc6 Reb8 1-0

[Event "4NCL Division 4 South"]
[Site "Reading, ENG"]
[Date "2017.01.15"]
[Round "4.34"]
[White "Howell, Matthew G"]
[Black "Sheikh, Anum"]
[Result "0-1"]
[WhiteElo "1552"]
[BlackElo "1463"]
[PlyCount "104"]
[EventDate "2017.01.15"]
[WhiteTeam "Sussex Martlets 3"]
[BlackTeam "D&D Utd"]

1. e4 e5 2. Nf3 Nc6 3. Bc4 Nf6 4. Ng5 d5 5. exd5 Na5 6. Bb5+ c6 7. dxc6 bxc6 8.
Bd3 Nd5 9. Nf3 Nf4 10. O-O Bd6 11. Re1 Qc7 12. Nc3 O-O 13. Ne4 Bg4 14. h3 Bh5
15. Ng3 Nxd3 16. cxd3 Bg6 17. Ne4 Rfe8 18. Qa4 Nb7 19. b4 a5 20. Nxd6 Qxd6 21.
b5 Nc5 22. Qa3 cxb5 23. d4 exd4 24. Rxe8+ Rxe8 25. Qxa5 Bd3 26. Ba3 Qd5 27. Qb6
Ne6 28. Bb2 Rd8 29. Re1 Kf8 30. Ne5 Be4 31. Ba3+ Kg8 32. Be7 Rc8 33. f3 Qxe5
34. fxe4 Qg3 35. Bh4 Qxh4 36. Rf1 Qxe4 37. Qd6 d3 38. Kh1 Qd4 39. Qa6 Qd7 40.
Qb6 Qc6 41. Qa7 Qc7 42. Qf2 h6 43. Qf5 Qd7 44. Rf3 Rc1+ 45. Kh2 Qc7+ 46. Rg3
Rh1+ 47. Kxh1 Qxg3 48. Qxb5 Nf4 49. Qe8+ Kh7 50. Qe4+ g6 51. a4 Qf2 52. a5 Ne2
0-1

[Event "4NCL Division 4 South"]
[Site "Reading, ENG"]
[Date "2017.01.15"]
[Round "4.35"]
[White "Jaufarally, Mohammud"]
[Black "Bennet-Stevens, Lucy"]
[Result "0-1"]
[WhiteElo "1480"]
[BlackElo "1571"]
[PlyCount "70"]
[EventDate "2017.01.15"]
[WhiteTeam "D&D Utd"]
[BlackTeam "Sussex Martlets 3"]

1. d4 d5 2. Nf3 Nf6 3. Bf4 e6 4. e3 Be7 5. Bd3 O-O 6. Nbd2 Nbd7 7. Ne5 c5 8. c3
Re8 9. O-O a6 10. Re1 Qb6 11. Rb1 Nf8 12. h3 Ng6 13. Nxg6 fxg6 14. Nf3 Bd6 15.
Ne5 Nd7 16. Qa4 Qc7 17. dxc5 Bxe5 18. Bxe5 Qxe5 19. Rbd1 Kf7 20. c6 Nc5 21.
cxb7 Bxb7 22. Qb4 Qc7 23. Bc2 a5 24. Qh4 Kg8 25. Rd4 Nd7 26. Red1 Nf6 27. f3
Qb6 28. b3 e5 29. R4d3 Rf8 30. c4 Rac8 31. Rc3 Qb4 32. Qe1 dxc4 33. Rc1 Nd5 34.
Bd1 Nxc3 35. Rxc3 cxb3 0-1